General Trivia - Statistics

General Stats
  • This quiz has been taken 61 times
  • The average score is 21 of 41
Answer Stats
Hint Answer % Correct
What country gifted the Statue of Liberty to the U.S? France
90%
Who are the founders of Microsoft? Bill Gates
88%
Name the 4 members of the Beatles John Lennon
88%
Who was the famous singer known as the "King of Pop" who died in 2009? Michael Jackson
84%
What popular singer produced and wrote all the original songs for Despicable Me? Pharrell Williams
84%
Name the 4 members of the Beatles Paul McCartney
80%
Name the 4 members of the Beatles Ringo Starr
80%
Who were the 3 astronauts on the Apollo 11 mission? Neil Armstrong
78%
Who was the first woman to fly solo across the Atlantic Ocean? Amelia Earhart
76%
What are the names of the people who are Superman & Spider-Man Peter Parker
76%
What are the names of the people who are Superman & Spider-Man Clark Kent
73%
Who is the only U.S. President to resign from office? Richard Nixon
73%
What random, silly meme exploded in 2025? 6-7
71%
What famous war did Forrest Gump fight in? Vietnam War
69%
Name the 4 members of the Beatles George Harrison
65%
What element makes up the majority of Earth's atmosphere? Nitrogen
65%
Who were the 3 astronauts on the Apollo 11 mission? Buzz Aldrin
63%
Who was the author that wrote the literary classic, The Great Gatsby? F. Scott Fitzgerald
59%
What famous movie composer is the second-most nominated person for Academy Awards? John Williams
57%
What popular U.S. city do the movies Home Alone and Ferris Bueller's Day Off take place in? Chicago
55%
Who said "The only thing we have to fear is fear itself?" Franklin D. Roosevelt
53%
What is the highest grossing album of all time? Thriller
53%
In Back to the Future, what car did Doc Emmett Brown use to build a time machine? DeLorean
49%
How many elements are on the Periodic Table? 118
47%
What was the first fully computer-animated feature film? Toy Story
43%
Name the 3 books in J.R.R. Tolkein's Lord of the Rings trilogy The Fellowship of the Ring
41%
Name the 3 books in J.R.R. Tolkein's Lord of the Rings trilogy The Two Towers
37%
What is the name of Darth Vader's theme in Star Wars: The Empire Strikes Back? The Imperial March
33%
What was the nickname given to the mechanical shark used in the movie Jaws? (Hint: think of the sharks in Finding Nemo) Bruce
31%
Name the 3 books in J.R.R. Tolkein's Lord of the Rings trilogy The Return of the King
31%
Who was the 25th U.S. president that got assassinated in 1901? William McKinley
31%
In E.T, what popular candy did Elliott use to lure E.T. to Elliott's room? Reese's Pieces
29%
What is the name of the oldest video on YouTube? Me at the zoo
22%
Who are the founders of Microsoft? Paul Allen
22%
What year was Nintendo founded? 1889
20%
What is the real name of the clock tower referred to as Big Ben? Elizabeth Tower
20%
What was Mario known as in Donkey Kong? Jumpman
18%
Who were the 3 astronauts on the Apollo 11 mission? Michael Collins
18%
Who are the creators of the hit TV show Phineas and Ferb? Dan Povenmire
12%
Who assassinated Martin Luther King Jr? James Earl Ray
8%
Who are the creators of the hit TV show Phineas and Ferb? Jeff "Swampy" Marsh
2%
No matching quizzes found
Score Distribution
Percent of People with Each Score
Percentile by Number Answered
Your Score History
You have not taken this quiz